| Поле | Инд. | ПП | Название | Значение |
|---|---|---|---|---|
| Тип записи | a | |||
| Библиографический уровень | m | |||
| 001 | Контрольный номер | 3b1d44cd-0d31-4f86-8b63-2e8e32afac8a | ||
| 005 | Дата корректировки | 20131112122948.1 | ||
| 008 | Кодируемые данные | 041008 | ||
| 040 | a | Служба первич. каталог. | НБ ТвГУ | |
| 041 | a | Код языка текста | rus | |
| 084 | a | Индекс другой классификации/Индекс ББК | В127 | |
| a | Индекс другой классификации/Индекс ББК | В126 | ||
| 090 | x | Авторский знак | А85 | |
| a | Полочн. индекс | В127 | ||
| 100 | 1_ | a | Автор | Арсланов Марат Мирзаевич |
| 245 | 00 | a | Заглавие | Локальная теория степеней неразрешимости и ? 2- -множества |
| c | Ответственность | М. М. Арсланов | ||
| 260 | 0_ | a | Место издания | Казань |
| b | Издательство | Казанский государственный университет | ||
| c | Дата издания | 1987 | ||
| 300 | a | Объем | 138,[1] с. | |
| b | Иллюстрации/ тип воспроизводства | ил. | ||
| 504 | a | Библиография | Библиогр.: с.131-137. | |
| 650 | a | Основная рубрика | Функции (мат.) рекурсивные | |
| 650 | a | Основная рубрика | Множеств теория | |
| 653 | a | Ключевые слова | Теория множеств | |
| a | Ключевые слова | Рекурсивные функции | ||
| 852 | t | Порядковый номер экземпляра | 1 | |
| q | Физ. особенности экз. | к | ||
| p | Инвентарный номер | 584242 | ||
| 863 | t | 00032118 | ||
| 954 | a | Дата поступления на обработку | 20051220 | |
| 999 | a | Подразделение 2 | Фил3 |